[Event "AUTO-ADV-36"]
[Site "http://www.queenalice.com/game.php?id=10631"]
[Date "2005.4.22"]
[Round "1"]
[White "Namaste"]
[Black "Flengmaster"]
[Result "0-1"]
[WhiteElo "1630"]
[BlackElo "1872"]

1. e4 c5 2. c3 Nf6 3. e5 Nd5 4. d4 cxd4 5. cxd4 d6 6. Nf3 Nc6 7. Bc4 Nb6 8. Bb3
dxe5 9. dxe5 Qxd1+ 10. Bxd1 Bg4 11. Bf4 Nd5 12. Bg3 Ndb4 13. O-O Bxf3 14. gxf3
e6 15. Nc3 h5 16. h4 Nd3 17. Bc2 Ndxe5 18. Kg2 Be7 19. Rfe1 Nxf3 20. Re4 Nfd4
21. Ba4 O-O 22. Bxc6 Nxc6 23. Rd1 Rad8 24. a3 Rxd1 25. Nxd1 Rd8 26. Ne3 f5 27.
Rc4 Kf7 28. Nf1 g5 29. hxg5 Bxg5 30. Bh4 Kg6 31. Bxg5 Kxg5 32. Kg3 e5 33. f3 Rd3
34. Rc3 Rxc3 35. bxc3 Na5 36. Nd2 h4+ 37. Kh3 b5 38. Kg2 Kf4 39. Kh3 Ke3 40. Ne4
fxe4 0-1

[Event "AUTO-ADV-36"]
[Site "http://www.queenalice.com/game.php?id=10639"]
[Date "2005.4.22"]
[Round "1"]
[White "Flengmaster"]
[Black "Catamarca"]
[Result "1-0"]
[WhiteElo "1903"]
[BlackElo "1649"]

1. e4 d6 2. d4 Nf6 3. Nc3 g6 4. Nf3 Bg7 5. Be2 O-O 6. O-O Nbd7 7. e5 Ne8 8. Re1
b6 9. Bc4 e6 10. Bg5 f6 11. Bxe6+ Kh8 12. Bd5 Rb8 13. e6 fxg5 14. e7 1-0

[Event "AUTO-ADV-36"]
[Site "http://www.queenalice.com/game.php?id=10640"]
[Date "2005.4.22"]
[Round "1"]
[White "Catamarca"]
[Black "Flengmaster"]
[Result "0-1"]
[WhiteElo "1665"]
[BlackElo "1928"]

1. d4 Nf6 2. Bf4 d5 3. e3 c5 4. c3 Nc6 5. dxc5 e5 6. Bg5 Bxc5 7. Nf3 Be6 8. Bb5
Qb6 9. Bxc6+ bxc6 10. b4 Bd6 11. Bxf6 gxf6 12. Nbd2 Rg8 13. Rg1 c5 14. Qa4+ Ke7
15. a3 e4 16. bxc5 Qxc5 17. c4 exf3 18. cxd5 Rxg2 19. Kf1 Rxg1+ 20. Kxg1 Qxd5
21. Ne4 Qe5 22. Nxd6 Qxa1+ 0-1

[Event "Challenge"]
[Site "http://www.queenalice.com/game.php?id=10787"]
[Date "2005.4.23"]
[Round "-"]
[White "Flengmaster"]
[Black "waltc"]
[Result "1-0"]
[WhiteElo "1756"]
[BlackElo "1818"]

1. e4 c5 2. Nf3 Nc6 3. d4 cxd4 4. Nxd4 Nf6 5. Nc3 d6 6. Bg5 e6 7. Qd2 Be7 8.
O-O-O a6 9. Bxf6 gxf6 10. Qh6 Qa5 11. f4 Qc5 12. Nb3 Qe3+ 13. Kb1 b5 14. Bd3 Bd7
15. Rhe1 Qb6 16. Nd5 exd5 17. exd5 Ne5 18. fxe5 fxe5 19. Rxe5 1-0

[Event "AUTO-ELITE-03"]
[Site "http://www.queenalice.com/game.php?id=23454"]
[Date "2005.8.10"]
[Round "1"]
[White "Flengmaster"]
[Black "dnptrs"]
[Result "1-0"]
[WhiteElo "1981"]
[BlackElo "1873"]

1. e4 c5 2. Nf3 e6 3. d4 cxd4 4. Nxd4 a6 5. Bd3 Nc6 6. Be3 Nf6 7. O-O Be7 8.
Nxc6 dxc6 9. Nd2 e5 10. Nc4 Nd7 11. a4 O-O 12. a5 f6 13. Nd6 Kh8 14. Bc4 Qc7 15.
Nf7+ 1-0

[Event "AUTO-ELITE-03"]
[Site "http://www.queenalice.com/game.php?id=23455"]
[Date "2005.8.10"]
[Round "1"]
[White "dnptrs"]
[Black "Flengmaster"]
[Result "0-1"]
[WhiteElo "1873"]
[BlackElo "2006"]

1. d4 Nf6 2. Nf3 e6 3. e3 c5 4. Be2 d5 5. c3 Bd6 6. O-O O-O 7. Nbd2 Nc6 8. Bd3
e5 9. dxe5 Nxe5 10. Nxe5 Bxe5 11. Nf3 Bc7 12. c4 Bg4 13. cxd5 Qd6 14. g3 Qxd5
15. Be2 Qh5 16. Re1 Rad8 17. Bd2 Ne4 18. Rc1 Qf5 0-1

[Event "AUTO-ELITE-03"]
[Site "http://www.queenalice.com/game.php?id=23456"]
[Date "2005.8.10"]
[Round "1"]
[White "Flengmaster"]
[Black "SengTeoh"]
[Result "1-0"]
[WhiteElo "2151"]
[BlackElo "1968"]

1. e4 c5 2. Nf3 d6 3. d4 cxd4 4. Nxd4 Nf6 5. Nc3 e6 6. g4 h6 7. h3 Nc6 8. Be3 a6
9. Bg2 Be7 10. f4 Qc7 11. Qf3 Na5 12. O-O-O Nc4 13. Bf2 Bd7 14. h4 h5 15. gxh5
Nxh5 16. Kb1 Bf6 17. Bf1 O-O-O 18. Bxc4 Qxc4 19. Rd3 Kb8 20. Rhd1 Qc7 21. Qe3 b6
22. e5 dxe5 23. fxe5 Be7 24. Ne4 1-0

[Event "AUTO-ELITE-03"]
[Site "http://www.queenalice.com/game.php?id=23457"]
[Date "2005.8.10"]
[Round "1"]
[White "SengTeoh"]
[Black "Flengmaster"]
[Result "0-1"]
[WhiteElo "1968"]
[BlackElo "2141"]

1. e4 e5 2. Nf3 Nc6 3. Bb5 f5 4. d3 fxe4 5. dxe4 Nf6 6. O-O Bc5 7. Qd3 d6 8. Qc4
Qe7 9. Nc3 Bd7 10. Nd5 Nxd5 11. exd5 Nd4 12. Bxd7+ Qxd7 13. Nxd4 Bxd4 14. a4 a6
15. Be3 Bxe3 16. fxe3 O-O-O 17. b4 Kb8 18. b5 a5 19. Rf2 Rhf8 20. Raf1 Rxf2 21.
Rxf2 Qe7 22. Qe4 g6 23. Qf3 Qg5 24. Rf1 Re8 25. c4 Qh6 26. Kh1 Qh4 27. e4 b6 28.
Qe3 Qe7 29. Qh6 Rg8 0-1

[Event "AUTO-ELITE-03"]
[Site "http://www.queenalice.com/game.php?id=23458"]
[Date "2005.8.10"]
[Round "1"]
[White "Flengmaster"]
[Black "mikaio"]
[Result "1-0"]
[WhiteElo "2026"]
[BlackElo "1914"]

1. e4 c5 2. Nf3 d6 3. d4 cxd4 4. Nxd4 Nf6 5. Nc3 a6 6. Be3 b5 7. a4 e5 8. Nb3
Bb7 9. axb5 Nxe4 10. bxa6 Nxc3 11. axb7 Rxa1 12. Qxa1 Nd5 13. Bb5+ Ke7 14. Ba7
g6 15. Na5 Nb4 16. Bxb8 Qxb8 17. Qa4 1-0

[Event "AUTO-ELITE-03"]
[Site "http://www.queenalice.com/game.php?id=23459"]
[Date "2005.8.10"]
[Round "1"]
[White "mikaio"]
[Black "Flengmaster"]
[Result "0-1"]
[WhiteElo "1881"]
[BlackElo "2047"]

1. e4 e5 2. Nf3 Nc6 3. Bc4 Nf6 4. Nc3 Nxe4 5. d4 Nxc3 6. bxc3 e4 7. Ng5 d5 8.
Bb3 h6 9. Nh3 Bxh3 10. gxh3 Qd7 11. Qg4 O-O-O 12. Be3 f5 13. Qe2 g5 14. O-O-O f4
15. Bd2 Na5 16. Qg4 c5 17. c4 Nxb3+ 18. axb3 cxd4 19. Qxd7+ Rxd7 20. cxd5 Rxd5
21. Bc3 Ba3+ 22. Kb1 Rhd8 23. Ba1 e3 24. fxe3 dxe3 25. Rxd5 Rxd5 26. Ka2 e2 27.
Kxa3 Rd1 0-1

[Event "Challenge"]
[Site "http://www.queenalice.com/game.php?id=36158"]
[Date "2005.11.2"]
[Round "-"]
[White "Flengmaster"]
[Black "capanegra"]
[Result "1-0"]
[WhiteElo "2083"]
[BlackElo "2032"]

1. e4 c5 2. Nf3 a6 3. c3 d5 4. exd5 Qxd5 5. d4 e6 6. Nbd2 cxd4 7. Bc4 Qh5 8.
cxd4 Nc6 9. O-O b5 10. Be2 Qd5 11. a4 Bb7 12. Nb3 Nf6 13. Be3 b4 14. Rc1 Qd7 15.
Qc2 Nd5 16. Rfd1 Rc8 17. Qe4 f5 18. Qh4 Nxe3 19. fxe3 Be7 20. Ng5 Qd6 21. Nc5
1-0

[Event "Challenge"]
[Site "http://www.queenalice.com/game.php?id=36624"]
[Date "2005.11.5"]
[Round "-"]
[White "ENDHER"]
[Black "Flengmaster"]
[Result "0-1"]
[WhiteElo "1997"]
[BlackElo "2062"]

1. e4 c5 2. Bc4 e6 3. Nf3 Nc6 4. O-O d5 5. exd5 exd5 6. Bb5 Bd6 7. Nc3 a6 8.
Bxc6+ bxc6 9. d3 Ne7 10. Re1 O-O 11. d4 cxd4 12. Nxd4 Bd7 13. Bg5 Re8 14. Qh5
Qb6 15. Bxe7 Bxe7 16. Nb3 a5 17. a4 Bf6 18. Qf3 Qb4 19. h3 Rad8 20. Kf1 Rxe1+
21. Rxe1 Be6 22. Ra1 c5 23. Rd1 d4 24. Ne4 Be7 25. Ned2 Qxa4 26. Qb7 Kf8 27. Qb6
d3 28. c3 Re8 29. Kg1 Bd5 30. Ra1 Qf4 31. c4 Ba8 32. Qxa5 Bd6 33. g3 Qe5 34. Qa7
Rd8 35. Qa5 Rc8 36. Qa6 Qe6 37. Nf1 Bf3 38. Nfd2 Ba8 39. Kh2 Bxg3+ 40. Kxg3 Qe5+
41. f4 Qe3+ 42. Kg4 f5+ 43. Kxf5 Qxh3+ 44. Kg5 Qg3+ 45. Kh5 g6+ 0-1

[Event "Challenge"]
[Site "http://www.queenalice.com/game.php?id=37024"]
[Date "2005.11.8"]
[Round "-"]
[White "capanegra"]
[Black "Flengmaster"]
[Result "1/2-1/2"]
[WhiteElo "2034"]
[BlackElo "2104"]

1. e4 c5 2. Nf3 d6 3. d4 cxd4 4. Nxd4 Nf6 5. Nc3 a6 6. Bg5 e6 7. f4 Qc7 8. Qf3
Be7 9. O-O-O Nbd7 10. g4 b5 11. Bxf6 Nxf6 12. g5 Nd7 13. f5 Nc5 14. f6 gxf6 15.
gxf6 Bf8 16. Rg1 b4 17. Nd5 exd5 18. exd5 Nd7 19. Nc6 Bb7 20. Bh3 Ne5 21. Rge1
Rg8 22. Qh5 Bxc6 23. dxc6 Rg6 24. Bd7+ Kd8 25. Rxe5 dxe5 1/2-1/2

[Event "AUTO-ADV-36"]
[Site "http://www.queenalice.com/game.php?id=37851"]
[Date "2005.11.13"]
[Round "2"]
[White "jiikoo"]
[Black "Flengmaster"]
[Result "0-1"]
[WhiteElo "2150"]
[BlackElo "2160"]

1. d4 Nf6 2. Nf3 d5 3. e3 c5 4. c4 e6 5. Be2 Nc6 6. O-O Be7 7. dxc5 Bxc5 8. a3
O-O 9. b4 Bd6 10. Nbd2 Ng4 11. c5 Bc7 12. b5 Nce5 13. Bb2 Ng6 14. h3 Nf6 15. Qc2
e5 16. Rfc1 e4 17. Nd4 Ne8 18. f4 exf3 19. N4xf3 Nf6 20. Bd4 Re8 21. Qb2 Qe7 22.
Qb3 Nh5 23. b6 axb6 24. cxb6 Bd6 25. Bb5 Rd8 26. a4 Ng3 27. a5 Nf5 28. Qd3 Nxd4
29. Nxd4 Ne5 30. Qe2 Bb4 31. Rc7 Qd6 32. N2f3 Rxa5 33. Rac1 Ra8 34. Nxe5 Qxe5
35. Qf2 Bd6 36. R7c2 Be6 37. Bd3 Rdc8 38. Nf3 Rxc2 39. Bxc2 Qf6 40. Nd4 Bh2+ 41.
Kf1 Qe5 42. Bd3 Qd6 43. Qc2 g6 44. Qb2 Qe5 45. Qf2 Bg3 46. Qf3 Bd7 47. Ke2 Re8
48. Kd2 Qd6 49. Rf1 f5 50. Bc2 Be5 51. g4 Bxd4 52. exd4 Qb4+ 53. Kc1 Qa5 54. Kb2
Qxb6+ 55. Kc1 Qxd4 56. Rd1 fxg4 57. hxg4 Bxg4 58. Qxd5+ Qxd5 59. Rxd5 Kg7 60.
Bd3 h5 61. Rd6 Bf5 62. Bxf5 gxf5 63. Rd7+ Kg6 64. Rxb7 h4 65. Kd2 f4 66. Rb1 h3
67. Rh1 Re3 68. Rf1 Kg5 69. Rc1 Kg4 70. Rh1 Kg3 71. Rg1+ Kf2 72. Rg4 Kf3 73. Rh4
Kg3 0-1

[Event "AUTO-ADV-36"]
[Site "http://www.queenalice.com/game.php?id=37852"]
[Date "2005.11.13"]
[Round "2"]
[White "Flengmaster"]
[Black "jiikoo"]
[Result "1-0"]
[WhiteElo "2122"]
[BlackElo "2140"]

1. e4 e5 2. Nf3 Nf6 3. d4 Nxe4 4. Bd3 d5 5. Nxe5 Nd7 6. O-O Nxe5 7. dxe5 Nc5 8.
Be2 Be7 9. b4 Ne6 10. f4 Bxb4 11. f5 Nc5 12. Qd4 Ba5 13. Qg4 g6 14. e6 O-O 15.
Bg5 Qd6 16. Nd2 Qe5 17. Rae1 Ne4 18. Nxe4 dxe4 19. Rd1 Bc3 20. Bh6 Qc5+ 21. Kh1
Bg7 22. Bxg7 Kxg7 23. Qxe4 f6 24. Bd3 Re8 25. Qh4 g5 26. Qh5 Qe7 27. Be4 c6 28.
Rd3 Kg8 29. Rg3 Kh8 30. Rxg5 a5 31. Rg6 Rf8 32. Qh6 b5 33. g4 Ra7 34. g5 Qb4 35.
c4 Bxe6 36. fxe6 f5 37. Rf6 Rg8 38. Rf7 1-0

[Event "Challenge"]
[Site "http://www.queenalice.com/game.php?id=37855"]
[Date "2005.11.13"]
[Round "-"]
[White "Flengmaster"]
[Black "ENDHER"]
[Result "1-0"]
[WhiteElo "2100"]
[BlackElo "2122"]

1. e4 e5 2. Nf3 Nc6 3. Bb5 a6 4. Ba4 Nf6 5. O-O Bc5 6. c3 O-O 7. d4 exd4 8. cxd4
Bb6 9. e5 Nd5 10. Bb3 Nce7 11. Bg5 Qe8 12. Nc3 c6 13. Qd3 Nb4 14. Qd2 Ned5 15.
Na4 Ba7 16. a3 b5 17. Nc5 d6 18. exd6 f6 19. Bf4 Bg4 20. axb4 Bxf3 21. gxf3 Qh5
22. Rxa6 Qxf3 23. Qe3 Qg4+ 24. Qg3 Qf5 25. Bh6 Rf7 26. d7 1-0

[Event "AUTO-ELITE-03"]
[Site "http://www.queenalice.com/game.php?id=50031"]
[Date "2006.1.29"]
[Round "2"]
[White "Flengmaster"]
[Black "saint_bazoka"]
[Result "1-0"]
[WhiteElo "2199"]
[BlackElo "2172"]

1. e4 e5 2. Nf3 d6 3. d4 f5 4. dxe5 fxe4 5. Ng5 d5 6. c4 Bb4+ 7. Nc3 c6 8. cxd5
Qxd5 9. Bd2 Qxe5 10. Qb3 Qe7 11. Ncxe4 Bxd2+ 12. Kxd2 Nh6 13. Re1 Kd8 14. Kc1
Qe5 15. Kb1 Kc7 16. f4 Qa5 17. Bd3 Bf5 18. Ng3 Nd7 19. Bxf5 Nxf5 20. Qf7 Nd6 21.
Ne6+ Kc8 22. Qe7 Qd5 23. Rd1 Re8 24. Rxd5 Rxe7 25. Rxd6 g6 26. Rhd1 1-0

[Event "AUTO-ELITE-03"]
[Site "http://www.queenalice.com/game.php?id=50032"]
[Date "2006.1.29"]
[Round "2"]
[White "saint_bazoka"]
[Black "Flengmaster"]
[Result "0-1"]
[WhiteElo "2164"]
[BlackElo "2210"]

1. g4 e5 2. d3 d5 3. g5 h6 4. Nf3 Nc6 5. Bg2 hxg5 6. Bxg5 Be7 7. h4 Qd6 8. c3
Be6 9. Na3 O-O-O 10. Qa4 a6 11. O-O-O Nf6 12. Nc2 Ng4 13. Rdf1 f6 14. Bd2 Qd7
15. Rhg1 Kb8 16. Bh3 f5 17. Bg5 Bxg5+ 18. Nxg5 d4 19. Nf3 dxc3 20. bxc3 Nf6 21.
Ne3 Nd5 22. Kb2 Qe7 23. Ng5 Nxc3 24. Kxc3 Rd4 25. Nc4 Bxc4 26. dxc4 Rhxh4 27. e4
fxe4 28. Rg3 e3 29. fxe3 b5 30. Qb3 Na5 31. Qb2 Nxc4 32. Qb3 Rd2 33. Ne6 Qd6 34.
Rf8+ Ka7 35. Rd8 b4+ 36. Qxb4 Rd3+ 37. Kc2 Na3+ 38. Qxa3 Rc4+ 39. Kb1 Qxa3 40.
Ra8+ Kxa8 41. Nxc7+ Rxc7 42. Bg2+ Ka7 43. Bc6 Rd2 0-1

[Event "AUTO-ELITE-03"]
[Site "http://www.queenalice.com/game.php?id=50033"]
[Date "2006.1.29"]
[Round "2"]
[White "Flengmaster"]
[Black "Alsina"]
[Result "1-0"]
[WhiteElo "2188"]
[BlackElo "2155"]

1. e4 e5 2. Nf3 Nc6 3. d4 exd4 4. Nxd4 Nf6 5. Nxc6 bxc6 6. Bd3 d5 7. Nc3 Bd6 8.
O-O O-O 9. Bg5 h6 10. Bxf6 Qxf6 11. exd5 cxd5 12. Nxd5 Qe5 13. g3 Rb8 14. b3 c6
15. Nf4 Rd8 16. Qf3 Qg5 17. Rfe1 Qf6 18. Be4 Bb4 19. Red1 Bd7 20. Rab1 Be8 21.
Rd3 Rxd3 22. Nxd3 Qxf3 23. Bxf3 Bc3 24. Nc5 Rd8 25. b4 f5 26. Rb3 Bf6 27. Nd3
Bd4 28. Ra3 Bb6 29. c4 Bd4 30. c5 Bf6 31. Be2 Rd7 32. f4 Bd4+ 33. Kf1 Re7 34.
Ra6 g5 35. Ne5 gxf4 36. Nxc6 Bxc6 37. Rxc6 fxg3 38. hxg3 Kg7 39. Ra6 Be5 40. Bh5
Bb8 41. Kf2 Re4 42. a3 f4 43. gxf4 Rxf4+ 44. Ke3 Rf5 45. Bf3 h5 46. Be4 Rf6 47.
Rxf6 Kxf6 48. Kd4 h4 49. Kd5 h3 50. Kc6 Ke5 51. Bh1 Kd4 52. Kb7 Bf4 53. Kxa7 Kc4
54. Kb7 h2 55. c6 Be5 56. c7 1-0

[Event "AUTO-ELITE-03"]
[Site "http://www.queenalice.com/game.php?id=50034"]
[Date "2006.1.29"]
[Round "2"]
[White "Alsina"]
[Black "Flengmaster"]
[Result "0-1"]
[WhiteElo "2164"]
[BlackElo "2176"]

1. e4 e5 2. Nf3 Nc6 3. Bb5 f5 4. d3 fxe4 5. dxe4 Nf6 6. O-O Bc5 7. Nc3 O-O 8.
Bg5 d6 9. Na4 Bb6 10. Nxb6 axb6 11. Qd3 Bg4 12. c3 h6 13. Bh4 g5 14. Bg3 Nh5 15.
Bc4+ Kh8 16. Nd2 Qe7 17. Bd5 Be6 18. Nc4 Qf7 19. Bxe6 Qxe6 20. b3 Rf7 21. Ne3
Raf8 22. Rad1 Ne7 23. f3 Nxg3 24. hxg3 h5 25. Qe2 Rh7 26. Kf2 h4 27. Rh1 Qg6 28.
Qd3 g4 29. gxh4 Rhf7 30. h5 Qg5 31. h6 gxf3 32. g3 Ng8 33. Rh4 Nf6 34. Rg1 c6
35. c4 Ra8 36. a4 Rg8 37. Rh3 Rg6 38. Rgh1 Kh7 39. b4 Rg8 40. Re1 Qg6 41. Nf5 d5
42. cxd5 cxd5 43. Qc3 Nxe4+ 44. Rxe4 Qxf5 45. Reh4 Rc8 0-1

[Event "AUTO-ELITE-03"]
[Site "http://www.queenalice.com/game.php?id=50035"]
[Date "2006.1.29"]
[Round "2"]
[White "Flengmaster"]
[Black "Pepato"]
[Result "1-0"]
[WhiteElo "2221"]
[BlackElo "2250"]

1. e4 c5 2. Nf3 d6 3. d4 cxd4 4. Nxd4 Nf6 5. Nc3 a6 6. Be3 e5 7. Nb3 Be6 8. Be2
Be7 9. O-O O-O 10. Nd5 Nbd7 11. Qd3 Bxd5 12. exd5 Nc5 13. Nxc5 dxc5 14. Rad1 Bd6
15. Qf5 e4 16. f3 exf3 17. Bxf3 Qc7 18. g3 Rfe8 19. Bd2 Re5 20. Qh3 Nxd5 21. Ba5
Qxa5 22. Bxd5 Re7 23. Rxf7 Rxf7 24. Qd7 Kh8 25. Qxf7 c4 26. Bxc4 Qc5+ 27. Kh1 b5
28. Qd5 Qxd5+ 29. Bxd5 Rd8 30. Bb7 a5 31. Rd5 Bc7 32. Rc5 Rd7 33. Bc6 Rd1+ 34.
Kg2 Rd2+ 35. Kf3 b4 36. Bb5 Rf2+ 37. Ke4 Rf7 38. c4 Re7+ 39. Kd5 Kg8 40. Rxc7
Rxc7 41. c5 1-0

[Event "AUTO-ELITE-03"]
[Site "http://www.queenalice.com/game.php?id=50036"]
[Date "2006.1.29"]
[Round "2"]
[White "Pepato"]
[Black "Flengmaster"]
[Result "0-1"]
[WhiteElo "2216"]
[BlackElo "2234"]

1. d4 d5 2. c4 c6 3. Nf3 Nf6 4. Nc3 a6 5. c5 Nbd7 6. Bf4 Nh5 7. e3 Nxf4 8. exf4
b6 9. b4 g6 10. Bd3 Qc7 11. Qd2 bxc5 12. bxc5 Bh6 13. g3 O-O 14. O-O e5 15. Nxe5
Nxe5 16. dxe5 Qxe5 17. fxe5 Bxd2 18. Na4 Bh3 19. Rfd1 Ba5 20. f4 f6 21. exf6
Rxf6 22. Rab1 Bg4 23. Rdc1 Re8 24. Rb2 Re3 25. Rb3 Be2 26. Nb2 Rfe6 27. Rc2 Bg4
28. Kg2 Re8 29. Bxa6 Kg7 30. Rb7+ Kf6 31. Bd3 Rxd3 32. Nxd3 Bf5 33. Rb3 Re3 34.
Nc1 Re1 35. Rbb2 d4 36. Nb3 Bxc2 37. Rxc2 d3 38. Rf2 Bc3 39. g4 d2 40. Nxd2 Bd4
41. Nf3 Bxf2 42. Kxf2 Re4 43. Kg3 Rc4 44. Nd2 Rc3+ 0-1